<?xml version="1.0" encoding="UTF-8"?>
<record
    xmlns:xsi="http://www.w3.org/2001/XMLSchema-instance"
    xsi:schemaLocation="http://www.loc.gov/MARC21/slim http://www.loc.gov/standards/marcxml/schema/MARC21slim.xsd"
    xmlns="http://www.loc.gov/MARC21/slim">

  <leader>00624nam a22001817a 4500</leader>
  <controlfield tag="003">0</controlfield>
  <controlfield tag="005">20160609165252.0</controlfield>
  <controlfield tag="008">100107t        xxu||||| |||| 00| 0 eng d</controlfield>
  <datafield tag="037" ind1=" " ind2=" ">
    <subfield code="a">M15395</subfield>
    <subfield code="b">BIBLIO</subfield>
  </datafield>
  <datafield tag="040" ind1=" " ind2=" ">
    <subfield code="a">UAC</subfield>
    <subfield code="b">F</subfield>
    <subfield code="c">EPAC</subfield>
  </datafield>
  <datafield tag="082" ind1=" " ind2=" ">
    <subfield code="a">27.APE/AHO</subfield>
  </datafield>
  <datafield tag="100" ind1=" " ind2=" ">
    <subfield code="a">Hernione Ingrid AHOUANDJINOU</subfield>
    <subfield code="9">2608</subfield>
  </datafield>
  <datafield tag="245" ind1=" " ind2=" ">
    <subfield code="a">Effet de la pollution atmosph&#xE9;rique li&#xE9;e au traffic v&#xE9;hiculaire sur la pr&#xE9;valence des maladies des voies respiratoires en milieu urbain : cas de la ville de Cotonou</subfield>
  </datafield>
  <datafield tag="260" ind1=" " ind2=" ">
    <subfield code="a">EPAC</subfield>
    <subfield code="b">BIBLIO</subfield>
    <subfield code="c">2007-2008</subfield>
  </datafield>
  <datafield tag="300" ind1=" " ind2=" ">
    <subfield code="a">I-42p</subfield>
    <subfield code="c">29cm</subfield>
  </datafield>
  <datafield tag="650" ind1=" " ind2=" ">
    <subfield code="a">AMENAGEMENT PROTECTION ENVIRONNEMENT</subfield>
    <subfield code="9">2609</subfield>
  </datafield>
  <datafield tag="942" ind1=" " ind2=" ">
    <subfield code="c">THE</subfield>
  </datafield>
  <datafield tag="999" ind1=" " ind2=" ">
    <subfield code="c">46670</subfield>
    <subfield code="d">46670</subfield>
  </datafield>
  <datafield tag="952" ind1=" " ind2=" ">
    <subfield code="0">0</subfield>
    <subfield code="1">0</subfield>
    <subfield code="4">0</subfield>
    <subfield code="7">0</subfield>
    <subfield code="a">BEPAC</subfield>
    <subfield code="b">BEPAC</subfield>
    <subfield code="d">2010-01-07</subfield>
    <subfield code="e">Don</subfield>
    <subfield code="l">0</subfield>
    <subfield code="o">27.APE/AHO</subfield>
    <subfield code="p">M15395</subfield>
    <subfield code="r">2010-01-07 00:00:00</subfield>
    <subfield code="t">3</subfield>
    <subfield code="w">2010-01-07</subfield>
    <subfield code="y">THE</subfield>
    <subfield code="z">3 Exemplaires dont un exclu du pr&#xEA;t</subfield>
  </datafield>
</record>
